000 00997nam a2200313 i 4500
003 EG-GICUC
005 20260429110518.0
008 260429s1960 en fr|||| 00| 0 eng d
040 _aEG-GiCUC
_beng
_cEG-GiCUC
_dEG-GiCUC
_erda
041 _aeng
082 0 4 _221
_a343.9
_bNA . F
092 0 4 _221
099 _aLaw1 10 343.9 NA . F 1960
100 1 _aEl-Naggar, Said
_eAuthor.
245 1 0 _aForeign Aid To United Arab Republic /
_c by Said El-Naggar.
264 1 _a Cairo :
_bInstitute of National Planning,
_c1960.
300 _a93 pages,
_btables ;
_c24 cm
336 _2rda content
_atext
337 _2rda media
_aComputer
338 _2rda carrier
_aOnline Resource
504 _aIncludes bibliographical references.
546 _aText in English
650 1 _aCriminal law
_2qrmak
651 1 _2qrmak
710 _aInstitute of National Planning (Egypt)
856 4 0 _uhttps://fll.law.cu.edu.eg/fulltext/bks/B10-06872.pdf
905 _a167
942 _2ddc
_cBK
_e21
_n0
999 _c74085
_d74085